| 000 | 01095cam a22001814a 4500 | ||
|---|---|---|---|
| 005 | 20250605164344.0 | ||
| 008 | 250528s ||||||||||||||||||||||||d | ||
| 035 | _a23776 | ||
| 040 |
_aGR-AtMCL _bgre _dGR-AtMCL _eAACR2 |
||
| 245 | 1 | _aMVPS/A Multi-Volume Archive System | |
| 260 | _c2016 | ||
| 300 | _a19 | ||
| 520 | _aIntroduction, Definitions, Meta Data, Archive, Other Archive Files, Archiver (.ar), Tarball (.tar) and ZIP (.zip), Self-Extracting Archives, MVPS, Inspiration, Functionality and Features, Headers and Files, Archives, Volume Manager, Implementation, Net Framework with C#, Design, Meta Data and Headers, Encryption and Compression, Archives, Events and Feedback, File Fetching and Management, File Removal, Versioning and Loading Order, Memory Management, File Details, Package Details, Volume Manager Details, User Interface, Description, Menu Bar, Settings Window, File Management, Asynchronous Operations, Stress Tests and Results, Future Work, Conclusion, References. | ||
| 700 | 1 |
_aPapaioannou Sotirios _99309 |
|
| 942 | _cDS | ||
| 999 |
_c8713 _d8713 |
||